000
00377nam a2200133Ia 4500
008
151001s9999||||xx |||||||||||||| ||und||
100
_a
विनय केळुसकर
245
_a
गोंधळात गोंधळ
250
_a
1
260
_b
त्रिदल प्रकाशन मुंबई
260
_c
1981
300
_a
87
365
_b
18
999
_c
981870
_d
981867